000 00729nam a22002057a 4500
999 _c20592
_d20592
003 AR-CdUCM
008 190225b ||||| |||| 00| 0 spa d
040 _aMUNICIPALIDAD PROVINCIAL DEL CUSCO
_cBIBLIOTECA MUNICIPAL DEL CUSCO
082 _a310 /
_bC19
100 _aCalzada Benza, José.
_935945
245 _aEstadística general con énfasis en muestreo /
260 _bJurídica,
_c1966.
_aLima :
300 _a527 páginas ;
_c24 cm.
505 _aContenido : Formas de muestreo y clasificación de los datos -- Promedios y medidas de posición -- Probabilidades...
650 _aTabulación de datos
_943045
650 _aProbabilidades
_916891
650 _aDistribución
_99068
942 _2ddc
_cLIBROS
945 _arcc